Govt. of
Madhya Pradesh

Teach Yourself Visual FoxPro 3 (Record no. 31136)

MARC details
000 -LEADER
fixed length control field 003210000a22001450004500
003 - CONTROL NUMBER IDENTIFIER
control field MACL
040 ## - CATALOGING SOURCE
Original cataloging agency MACL
090 ## - LOCALLY ASSIGNED LC-TYPE CALL NUMBER (OCLC); LOCAL CALL NUMBER (RLIN)
-- 31451
-- 31449
100 ## - MAIN ENTRY--PERSONAL NAME
Personal name King,Nelson
245 ## - TITLE STATEMENT
Title Teach Yourself Visual FoxPro 3
260 ## - PUBLICATION, DISTRIBUTION, ETC. (IMPRINT)
Name of publisher, distributor, etc. BP B Publications
350 ## - PRICE (NR) (BK AM CF MU VM SE) [OBSOLETE]
Price 180
650 ## - SUBJECT ADDED ENTRY--TOPICAL TERM
Topical term or geographic name as entry element Computer probraming
942 ## - ADDED ENTRY ELEMENTS (KOHA)
Koha item type Library Membar
Call number prefix 005.369/Kin
Holdings
Withdrawn status Lost status Damaged status Not for loan Home library Current library Date acquired Total Checkouts Full call number Barcode Date last seen Uniform Resource Identifier Price effective from Koha item type
        MACL MACL 15/04/2015   005.369/Kin BOOK CLC2724 29/04/2015 31187 15/04/2015 Books